00289nam a2200121Ia 4500008004100000100001200041245004000053260002500093300000900118650001600127942000700143999001700150190216s9999||||xx |||||||||||||| ||und|| aTranter 0aTechniques Of Mathematical Analysis bHodder Ans Stoughton a396p aMathematics cBK c30628d30628